[Event "HEM A-Klasse"]
[Site "?"]
[Date "2024.05.18"]
[Round "1.1"]
[White "Lüthje, Max"]
[Black "Iachanou, Daniel"]
[Result "1-0"]
[WhiteElo "1755"]
[BlackElo "1687"]
[PlyCount "68"]
[GameId "2046813744802199"]
[EventDate "2024.??.??"]
[WhiteTeam "SC Diogenes e.V."]
[BlackTeam "SF Sasel 1947"]

1. e4 c5 2. Nf3 e6 3. g3 Nf6 4. Qe2 d5 5. exd5 Nxd5 6. Bg2 Be7 7. O-O O-O 8. Nc3 Nc6 9. Ne4 b6 10. d3 h6 11. Rd1 Bb7 12. Bd2 Re8 13. c4 Ndb4 14. Bc3 f5 15. Ned2 Bf6 16. Nf1 Qc7 17. Bxf6 gxf6 18. a3 Na6 19. Qd2 Kg7 20. Qc3 Rad8 21. Rd2 Nd4 22. Nh4 Bxg2 23. Kxg2 Qc6+ 24. f3 Nb8 25. Ne3 Nd7 26. Nc2 Ne5 27. Nxd4 Rxd4 28. Kf2 Red8 29. Rad1 Kh7 30. f4 Ng4+ 31. Kg1 Ne5 32. Re1 Nxc4 33. Rde2 Na5 34. Rxe6 c4 1-0

[Event "HEM A-Klasse"]
[Site "?"]
[Date "2024.05.18"]
[Round "1.2"]
[White "Kellner, Anton"]
[Black "Morou, Halid"]
[Result "1-0"]
[WhiteElo "1680"]
[BlackElo "1752"]
[PlyCount "47"]
[GameId "2046716838089377"]
[EventDate "2024.??.??"]
[WhiteTeam "Hamburger SK von 1830 eV"]
[BlackTeam "Königsspr. SC.1984 e.V."]

{[%evp 0,47,20,11,50,53,36,30,55,48,61,3,-13,-13,-14,-23,0,-7,-23,-28,10,-1,9,3,-4,-7,12,7,25,21,62,17,49,75,73,96,68,73,52,83,108,130,118,127,412,484,1713,29986,29997,29998]} 1. e4 e6 2. d4 d5 3. Nc3 Nf6 4. e5 Nfd7 5. Nce2 c5 6. c3 Nc6 7. a3 c4 8. f4 Na5 9. Nf3 Nb3 10. Rb1 a5 11. g4 b5 12. f5 exf5 13. gxf5 Nb6 14. Bh3 b4 15. Nf4 bxa3 16. bxa3 Qc7 17. O-O Be7 18. Re1 O-O 19. Kh1 Rb8 20. Rg1 Kh8 21. Nh5 Na4 22. Rxg7 Nxc3 23. Qg1 Bxf5 24. Rxh7+ 1-0

[Event "HEM A-Klasse"]
[Site "?"]
[Date "2024.05.18"]
[Round "1.3"]
[White "Herrmann, Sabine"]
[Black "Botzet, Michael"]
[Result "1-0"]
[WhiteElo "1737"]
[BlackElo "1669"]
[PlyCount "79"]
[GameId "2046808402172274"]
[EventDate "2024.??.??"]
[WhiteTeam "SF Hamburg e.V. 1934"]
[BlackTeam "Hamburger SK von 1830 eV"]

1. e4 c5 2. c3 Nc6 3. Nf3 d6 4. Bc4 Bg4 5. Bxf7+ Kd7 6. h3 Bxf3 7. Qxf3 Ne5 8. Qf5+ Kc7 9. O-O Nh6 10. Qe6 Nhxf7 11. d4 Qd7 12. Qc4 b5 13. Qd5 Qc6 14. Qe6 Nd8 15. Qb3 a6 16. dxc5 dxc5 17. Bf4 Kb6 18. Nd2 Qe6 19. c4 Nec6 20. Qc3 Nd4 21. Rfe1 g6 22. cxb5 axb5 23. Rac1 Qc6 24. Be5 b4 25. Qc4 Qb5 26. Bxh8 Qxc4 27. Rxc4 Nf7 28. Bxd4 cxd4 29. Rxb4+ Kc5 30. Rc4+ Kb5 31. a4+ Rxa4 32. Rxa4 Kxa4 33. Rc1 e5 34. Rc7 Ng5 35. h4 Bb4 36. Nc4 Nxe4 37. Nxe5 Bd6 38. Rc4+ Kb3 39. Rxd4 Nxf2 40. Rxd6 1-0

[Event "HEM A-Klasse"]
[Site "?"]
[Date "2024.05.18"]
[Round "1.4"]
[White "Gerdts, Martina"]
[Black "Fieron, Andreas"]
[Result "1-0"]
[WhiteElo "1662"]
[BlackElo "1733"]
[PlyCount "81"]
[GameId "2046806161135966"]
[EventDate "2024.??.??"]
[WhiteTeam "Hamburger SK von 1830 eV"]
[BlackTeam "Niendorfer TSV 1919 SAbt"]

1. d4 d5 2. c4 Nf6 3. cxd5 Nxd5 4. e4 Nf6 5. e5 Nd5 6. Nf3 e6 7. Nc3 Nc6 8. Bd3 h6 9. Bd2 Be7 10. O-O O-O 11. Be4 b6 12. Qc1 f5 13. exf6 Bxf6 14. Bxh6 Nxd4 15. Nxd4 Bxd4 16. Bg5 Qd7 17. Qd2 c5 18. Rad1 Ba6 19. Bd3 Bxd3 20. Qxd3 Rf5 21. Be3 Bxe3 22. fxe3 Rxf1+ 23. Rxf1 Rd8 24. Rd1 Qe7 25. e4 c4 26. Qd2 Qc5+ 27. Qd4 Qxd4+ 28. Rxd4 e5 29. Rxd5 Rxd5 30. exd5 Kf7 31. Kf2 Ke7 32. Ne4 a6 33. Ke3 b5 34. b3 cxb3 35. axb3 a5 36. Nc3 b4 37. Nb5 a4 38. bxa4 b3 39. Nc3 Kd6 40. Ke4 b2 41. a5 1-0

[Event "HEM A-Klasse"]
[Site "?"]
[Date "2024.05.18"]
[Round "1.5"]
[White "Henzler, Timofej"]
[Black "Kock, Rudolf"]
[Result "1/2-1/2"]
[WhiteElo "1722"]
[BlackElo "1657"]
[PlyCount "42"]
[GameId "2046720105771713"]
[EventDate "2024.??.??"]
[WhiteTeam "Hamburger SK von 1830 eV"]
[BlackTeam "SF Hamburg e.V. 1934"]

{[%evp 0,42,20,20,30,-16,24,18,42,31,78,41,58,25,72,67,93,103,92,64,92,66,95,50,47,38,73,74,88,71,91,63,104,146,139,136,162,136,102,39,33,34,107,-6,33]} 1. d4 Nf6 2. c4 d6 3. Nc3 c6 4. Nf3 Na6 5. e3 h6 6. Bd3 Nb4 7. Be2 g6 8. a3 Na6 9. O-O Bg7 10. Qc2 d5 11. b4 Bf5 12. Bd3 Be6 13. c5 Nc7 14. b5 O-O 15. Bd2 a5 16. bxc6 bxc6 17. Rab1 Nd7 18. Na4 Bg4 19. Be2 Bf5 20. Bd3 Bg4 21. Be2 Bf5 1/2-1/2

[Event "HEM A-Klasse"]
[Site "?"]
[Date "2024.05.18"]
[Round "1.6"]
[White "Queißer, Jens"]
[Black "Mi, Gufeng"]
[Result "1-0"]
[WhiteElo "1632"]
[BlackElo "1721"]
[Annotator "hugo5"]
[PlyCount "79"]
[GameId "2046713900073610"]
[EventDate "2024.??.??"]
[WhiteTeam "Hamburger SK von 1830 eV"]
[BlackTeam "Niendorfer TSV 1919 SAbt"]

{[%evp 0,4,20,14,14,13,43]} 1. d4 Nf6 2. Nf3 g6 3. g3 Bg7 4. Bg2 c6 5. O-O O-O 6. c4 d5 7. Nbd2 Nbd7 8. b3 Re8 9. Bb2 Nf8 10. Rc1 Bf5 11. Re1 h5 12. e3 N8h7 13. h4 Bg4 14. Qc2 Qc8 15. Ne5 Bh3 16. Bh1 Ng4 17. cxd5 c5 18. Qxc5 Qf5 19. Nxg4 Qxg4 20. Bf3 Qf5 21. e4 Qf6 22. e5 Qf5 23. Qc2 Qd7 24. Qc7 Qf5 25. Be4 Qg4 26. Kh2 Rac8 27. f3 Rxc7 28. Rxc7 Qxe4 29. Nxe4 Bf5 30. d6 Bxe4 31. d7 Rf8 32. Rc8 Bf5 33. Rxf8+ Nxf8 34. d8=Q Bh6 35. Qxe7 Ne6 36. d5 Bf8 37. Qxb7 Nc5 38. Qxa7 Nd3 39. e6 Nxe1 40. Qxf7# 1-0

[Event "HEM A-Klasse"]
[Site "?"]
[Date "2024.05.18"]
[Round "1.7"]
[White "Frackowiak, Stalnislaw"]
[Black "Wolff, Ole"]
[Result "1/2-1/2"]
[WhiteElo "1720"]
[BlackElo "1566"]
[PlyCount "86"]
[GameId "2046720882766539"]
[EventDate "2024.??.??"]
[WhiteTeam "Hamburger SK von 1830 eV"]
[BlackTeam "SchVgg Blankenese von 1923 e.V."]

1. d4 Nf6 2. Nf3 g6 3. e3 Bg7 4. Bd3 O-O 5. Nbd2 d5 6. O-O Nbd7 7. c3 Re8 8. e4 dxe4 9. Nxe4 Nxe4 10. Bxe4 Nf6 11. Bd3 b6 12. Qb3 Bb7 13. Ne5 e6 14. Bg5 Qc8 15. Bb5 c6 16. Be2 Ne4 17. Be3 Qc7 18. Nf3 c5 19. dxc5 Nxc5 20. Qb4 Rac8 21. Qh4 Qc6 22. Qh3 Qc7 23. Bh6 Ne4 24. Rad1 Rcd8 25. Qh4 Rd5 26. Bf4 e5 27. Rxd5 Bxd5 28. Rd1 Rd8 29. Bh6 Nf6 30. Bg5 Bxf3 31. Bxf3 Rxd1+ 32. Bxd1 Qd6 33. Bb3 Qd3 34. h3 Ne4 35. Be3 Bf6 36. Qg4 Kg7 37. Qc8 Nd2 38. Bxd2 Qxd2 39. Qb7 Qc1+ 40. Kh2 Qf4+ 41. Kg1 Qc1+ 42. Kh2 Qf4+ 43. Kg1 Qc1+ 1/2-1/2

[Event "HEM A-Klasse"]
[Site "?"]
[Date "2024.05.18"]
[Round "1.9"]
[White "Klaeke, Gregor"]
[Black "Kriz, Leonard"]
[Result "1/2-1/2"]
[WhiteElo "1703"]
[BlackElo "1768"]
[PlyCount "50"]
[GameId "2046719238980279"]
[EventDate "2024.??.??"]
[WhiteTeam "Niendorfer TSV 1919 SAbt"]
[BlackTeam "Bramfelder SK 1947 e.V."]

1. e4 c5 2. Nf3 a6 3. d4 cxd4 4. Nxd4 e5 5. Nf3 Nc6 6. Be3 Nf6 7. Nc3 Bb4 8. Bd3 Bxc3+ 9. bxc3 d5 10. Bg5 Be6 11. O-O O-O 12. Re1 h6 13. exd5 Bxd5 14. Bh4 g5 15. Nxg5 hxg5 16. Bxg5 e4 17. Bxe4 Bxe4 18. Qxd8 Rfxd8 19. Bxf6 Re8 20. Re3 Bg6 21. Rh3 Bh7 22. Rg3+ Kf8 23. Rh3 Kg8 24. Rg3+ Bg6 25. Rh3 Bh7 1/2-1/2

[Event "HEM A-Klasse"]
[Site "?"]
[Date "2024.05.18"]
[Round "1.10"]
[White "Parindra, Jason"]
[Black "Böhler, Yannic"]
[Result "1-0"]
[WhiteElo "1662"]
[BlackElo "1701"]
[PlyCount "67"]
[GameId "2046805124131156"]
[EventDate "2024.??.??"]
[WhiteTeam "SC Diogenes e.V."]
[BlackTeam "SC Schachelschweine e.V."]

1. e4 c5 2. Nf3 d6 3. d4 cxd4 4. Nxd4 Nf6 5. Nc3 a6 6. Bc4 e6 7. O-O Nc6 8. Be3 Na5 9. Be2 Be7 10. a4 Qc7 11. Qd3 O-O 12. b4 Nc6 13. Nxc6 bxc6 14. a5 e5 15. Na4 Rb8 16. Nb6 Bb7 17. c4 Nd7 18. c5 Nxb6 19. axb6 Qd8 20. Qc2 Ra8 21. Rfd1 d5 22. exd5 cxd5 23. c6 Qc8 24. Rdc1 Bxb4 25. cxb7 Qxb7 26. Qc7 Qxc7 27. Rxc7 d4 28. Bc1 a5 29. b7 Rab8 30. Ba3 e4 31. Bxb4 axb4 32. Bc4 d3 33. Kf1 g6 34. Rxf7 1-0

[Event "HEM A-Klasse"]
[Site "?"]
[Date "2024.05.18"]
[Round "1.11"]
[White "Schenk, Michael"]
[Black "Ngo, Nam"]
[Result "1/2-1/2"]
[WhiteElo "1690"]
[BlackElo "1532"]
[PlyCount "71"]
[GameId "2046812811291021"]
[EventDate "2024.??.??"]
[WhiteTeam "Hamburger SK von 1830 eV"]
[BlackTeam "Hamburger SK von 1830 eV"]

1. e4 e6 2. d4 b6 3. Nc3 Bb7 4. Bd3 Bb4 5. Nge2 Nc6 6. O-O Bxc3 7. bxc3 d6 8. d5 Ne5 9. Bb5+ c6 10. dxc6 Bxc6 11. Bxc6+ Nxc6 12. Ba3 d5 13. exd5 Qxd5 14. Qxd5 exd5 15. Rfe1 O-O-O 16. Nd4 Kb7 17. Nf5 Kc7 18. Rad1 g6 19. Ne7 Ngxe7 20. Bxe7 Rd7 21. Bf6 Rc8 22. Rd3 Kd6 23. c4 Kc5 24. cxd5 Rxd5 25. Rxd5+ Kxd5 26. c3 Kc4 27. Kf1 Rc7 28. Re3 Rd7 29. Ke2 Rd6 30. Re4+ Kd5 31. Rf4 b5 32. Bd4 Nxd4+ 33. Rxd4+ Kc5 34. Rxd6 Kxd6 35. Kd3 Kd5 36. f3 1/2-1/2

[Event "HEM A-Klasse"]
[Site "?"]
[Date "2024.05.18"]
[Round "1.12"]
[White "Venzlaff, Dustin"]
[Black "Echt, Pascal"]
[Result "0-1"]
[WhiteElo "1500"]
[BlackElo "1688"]
[PlyCount "60"]
[GameId "2046807135123816"]
[EventDate "2024.??.??"]
[WhiteTeam "SC Diogenes e.V."]
[BlackTeam "Hamburger SK von 1830 eV"]

1. e4 d6 2. d4 Nf6 3. Nc3 g6 4. f3 c6 5. Be3 b5 6. Qd2 Qa5 7. e5 dxe5 8. dxe5 Nfd7 9. f4 Nb6 10. Nf3 Bg7 11. Bd3 Be6 12. b3 Nd5 13. Nxd5 Qxd2+ 14. Nxd2 Bxd5 15. O-O Be6 16. c4 a6 17. Rac1 O-O 18. Be4 f6 19. exf6 Bxf6 20. cxb5 axb5 21. Bxc6 Nxc6 22. Rxc6 Bf5 23. Rb6 Rxa2 24. Rc1 Rd8 25. Rxb5 Rdxd2 26. Bxd2 Rxd2 27. b4 Be4 28. Rb8+ Kf7 29. Rbc8 Bxg2 30. Rf8+ Kg7 0-1

[Event "HEM A-Gruppe"]
[Site "?"]
[Date "2024.05.18"]
[Round "1.13"]
[White "Babychev, Mykhailo"]
[Black "Tscherepanov, Leon"]
[Result "1/2-1/2"]
[WhiteElo "1626"]
[BlackElo "1813"]
[Annotator "hugo5"]
[PlyCount "32"]
[GameId "2046718606381741"]
[EventDate "2024.??.??"]
[WhiteTeam "Hamburger SK von 1830 eV"]
[BlackTeam "Hamburger SK von 1830 eV"]

1. d4 e6 2. c4 d5 3. Nc3 c6 4. cxd5 exd5 5. Nf3 Nf6 6. Bg5 Bf5 7. e3 Nbd7 8. Bd3 Bxd3 9. Qxd3 Bd6 10. O-O O-O 11. Rac1 h6 12. Bh4 Re8 13. a3 a5 14. Na4 Rc8 15. Nc3 Qb6 16. Rfe1 Qc7 {(=)} 1/2-1/2